[Event "Chess24 Banter Blitz Cup"]
[Site "chess24.com INT"]
[Date "2020.02.01"]
[Round "3.10"]
[White "Mamedov, Rauf"]
[Black "Carlsen, Magnus"]
[Result "1-0"]
[WhiteElo "2645"]
[BlackElo "2876"]
[PlyCount "103"]
[EventDate "2019.09.25"]
[EventType "k.o. (blitz)"]
[EventRounds "7"]
[EventCountry "USA"]
[SourceTitle "CBM 195 Extra"]
[Source "ChessBase"]
[SourceDate "2020.05.31"]
[SourceVersion "1"]
[SourceVersionDate "2020.05.31"]
[SourceQuality "1"]

1. e4 d5 2. exd5 Qxd5 3. Nc3 Qd6 4. d4 Nf6 5. Nf3 a6 6. g3 Bg4 7. Bg2 c6 8. h3
Bh5 9. g4 Bg6 10. Ne5 Nbd7 11. f4 e6 12. Qe2 Be7 13. Be3 Nd5 14. Nxd5 cxd5 15.
O-O Be4 16. Bxe4 dxe4 17. Qg2 Nf6 18. c4 O-O 19. f5 Nd7 20. Qxe4 Nxe5 21. dxe5
Qb4 22. a3 Qxb2 23. Rab1 Qxa3 24. Rxb7 Bc5 25. Bxc5 Qxc5+ 26. Kg2 Rad8 27. Rf2
Rd4 28. Qf3 Qxc4 29. Re7 Rd3 30. Qf4 Qd5+ 31. Kh2 Rd4 32. Qg3 a5 33. Ra7 Qc5
34. Ra6 a4 35. f6 g6 36. Qe3 Rc4 37. Qxc5 Rxc5 38. Re2 Rc4 39. Kg3 g5 40. Re3
Rd8 41. h4 h6 42. h5 Rdd4 43. Ra8+ Kh7 44. Ra7 Rxg4+ 45. Kf2 Rgf4+ 46. Ke2 Rce4
47. Rxf7+ Kg8 48. Re7 Kf8 49. Rxe6 a3 50. Ra6 Rh4 51. Ra7 Rh2+ 52. Kd3 1-0

[Event "Chess24 Banter Blitz Cup"]
[Site "chess24.com INT"]
[Date "2020.02.01"]
[Round "3.11"]
[White "Carlsen, Magnus"]
[Black "Mamedov, Rauf"]
[Result "1/2-1/2"]
[WhiteElo "2876"]
[BlackElo "2645"]
[PlyCount "152"]
[EventDate "2019.09.25"]
[EventType "k.o. (blitz)"]
[EventRounds "7"]
[EventCountry "USA"]
[SourceTitle "CBM 195 Extra"]
[Source "ChessBase"]
[SourceDate "2020.05.31"]
[SourceVersion "1"]
[SourceVersionDate "2020.05.31"]
[SourceQuality "1"]

1. e4 c5 2. Nf3 Nc6 3. Bb5 g6 4. O-O Bg7 5. Re1 e5 6. Bxc6 dxc6 7. d3 Qe7 8. a3
Nf6 9. b4 O-O 10. bxc5 Qxc5 11. a4 Rd8 12. Ba3 Qa5 13. Nbd2 Be6 14. Qb1 Qc7 15.
Ng5 Re8 16. Nxe6 Rxe6 17. Qb3 b6 18. Nf3 h6 19. h3 Nd7 20. Reb1 Rb8 21. Qc4 a5
22. Bc1 Bf8 23. Be3 Qd8 24. Ra2 Qc7 25. Rab2 Ba3 26. Rb3 Bc5 27. Bxh6 Qa7 28.
c3 Bxf2+ 29. Kh1 b5 30. axb5 Nb6 31. bxc6 Nxc4 32. Rxb8+ Kh7 33. R1b7 Qxb8 34.
Rxb8 Kxh6 35. c7 Nd6 36. Rd8 Re7 37. Rxd6 Rxc7 38. Kh2 Ra7 39. Rd8 a4 40. Rb8
a3 41. Rb1 f6 42. Ra1 Bc5 43. Kg3 Rd7 44. d4 exd4 45. cxd4 Bb4 46. Kf4 Rc7 47.
e5 fxe5+ 48. dxe5 Rc2 49. g4 a2 50. Nd4 Rh2 51. Nb3 Bc3 52. Rc1 Bb2 53. g5+ Kh5
54. Rc7 Rf2+ 55. Ke3 Rf5 56. Ra7 Kxg5 57. Kd3 Rxe5 58. Rxa2 Rd5+ 59. Kc4 Rf5
60. Rxb2 Rf4+ 61. Nd4 Rf3 62. Nxf3+ Kf4 63. Nd4 Kg3 64. Rb6 g5 65. Rg6 Kh4 66.
Rxg5 Kxg5 67. Nf3+ Kf4 68. Ng1 Kg3 69. Kd4 Kh2 70. Ke5 Kg2 71. h4 Kxg1 72. h5
Kg2 73. h6 Kf2 74. h7 Ke2 75. h8=Q Kd2 76. Qf6 Ke2 1/2-1/2

[Event "Chess24 Banter Blitz Cup"]
[Site "chess24.com INT"]
[Date "2020.02.01"]
[Round "3.12"]
[White "Mamedov, Rauf"]
[Black "Carlsen, Magnus"]
[Result "0-1"]
[WhiteElo "2645"]
[BlackElo "2876"]
[PlyCount "94"]
[EventDate "2019.09.25"]
[EventType "k.o. (blitz)"]
[EventRounds "7"]
[EventCountry "USA"]
[SourceTitle "CBM 195 Extra"]
[Source "ChessBase"]
[SourceDate "2020.05.31"]
[SourceVersion "1"]
[SourceVersionDate "2020.05.31"]
[SourceQuality "1"]

1. e4 d5 2. exd5 Qxd5 3. Nc3 Qd6 4. d4 Nf6 5. Nf3 a6 6. g3 Bf5 7. Bg2 c6 8. Bf4
Qb4 9. O-O e6 10. Ne5 Nbd7 11. Nxd7 Nxd7 12. Rb1 Be7 13. a3 Qb6 14. Re1 Rd8 15.
Na4 Qa5 16. b3 O-O 17. Bd2 Qc7 18. Bf4 Qc8 19. Qc1 b5 20. Nc3 Nf6 21. Ne2 c5
22. Qb2 Be4 23. Bxe4 Nxe4 24. Rbd1 Bf6 25. Be3 c4 26. h4 Qc6 27. bxc4 Qxc4 28.
Rd3 Rc8 29. Rc1 h6 30. Qb4 Rfd8 31. Qa5 Qc6 32. a4 Nd6 33. axb5 axb5 34. Qb4
Nc4 35. Rb1 Rd5 36. Nc3 Rf5 37. d5 Bxc3 38. dxc6 Bxb4 39. Rxb4 Rxc6 40. Bd4 Rd5
41. Ba1 Rxd3 42. cxd3 Nd6 43. Be5 Nf5 44. Rxb5 h5 45. Kg2 f6 46. Bf4 Kh7 47.
Kf3 Nd4+ 0-1

[Event "Chess24 Banter Blitz Cup"]
[Site "chess24.com INT"]
[Date "2020.02.01"]
[Round "3.13"]
[White "Carlsen, Magnus"]
[Black "Mamedov, Rauf"]
[Result "1-0"]
[WhiteElo "2876"]
[BlackElo "2645"]
[PlyCount "79"]
[EventDate "2019.09.25"]
[EventType "k.o. (blitz)"]
[EventRounds "7"]
[EventCountry "USA"]
[SourceTitle "CBM 195 Extra"]
[Source "ChessBase"]
[SourceDate "2020.05.31"]
[SourceVersion "1"]
[SourceVersionDate "2020.05.31"]
[SourceQuality "1"]

1. e4 c5 2. Nf3 d6 3. Bb5+ Bd7 4. c4 Nc6 5. Nc3 g6 6. d4 cxd4 7. Nxd4 Bg7 8.
Be3 Nf6 9. h3 O-O 10. O-O a6 11. Bxc6 bxc6 12. Rc1 c5 13. Nde2 Bc6 14. f3 Nd7
15. b3 Re8 16. Qd2 Rb8 17. Bh6 Bh8 18. Rb1 Nf6 19. Nf4 Qa5 20. Rfc1 Qa3 21.
Nfd5 Bxd5 22. exd5 Qa5 23. Re1 Ng4 24. Na4 Bd4+ 25. Kf1 Qxd2 26. Bxd2 Ne5 27.
Ba5 Rb7 28. Rbd1 Nd7 29. g4 f6 30. Kg2 Kf7 31. Re4 h5 32. Bc3 Be5 33. f4 f5 34.
fxe5 Nxe5 35. Rxe5 dxe5 36. Nxc5 Rc7 37. Ne6 Rcc8 38. Bxe5 hxg4 39. hxg4 a5 40.
Rh1 1-0

[Event "Chess24 Banter Blitz Cup"]
[Site "chess24.com INT"]
[Date "2020.03.11"]
[Round "4.1"]
[White "Cheparinov, Ivan"]
[Black "Carlsen, Magnus"]
[Result "1-0"]
[WhiteElo "2670"]
[BlackElo "2876"]
[PlyCount "51"]
[EventDate "2019.09.25"]
[EventType "k.o. (blitz)"]
[EventRounds "7"]
[EventCountry "USA"]
[SourceTitle "CBM 195 Extra"]
[Source "ChessBase"]
[SourceDate "2020.05.31"]
[SourceVersion "1"]
[SourceVersionDate "2020.05.31"]
[SourceQuality "1"]

1. d4 Nf6 2. Nf3 c5 3. d5 b5 4. Bg5 Qb6 5. e3 Bb7 6. Bxf6 Qxf6 7. Nc3 b4 8. Ne4
Qxb2 9. Bc4 g6 10. Rb1 Qg7 11. O-O d6 12. c3 a5 13. Qa4+ Kd8 14. Qb5 Kc7 15.
Nxc5 dxc5 16. Qxc5+ Kd8 17. Qb6+ Kc8 18. cxb4 Nd7 19. Qb5 a4 20. Rfc1 Ra7 21.
Bd3+ Kd8 22. Nd4 Qe5 23. Nc6+ Bxc6 24. Rxc6 Bg7 25. Rbc1 Ra8 26. Qa5+ 1-0

[Event "Chess24 Banter Blitz Cup"]
[Site "chess24.com INT"]
[Date "2020.03.11"]
[Round "4.2"]
[White "Carlsen, Magnus"]
[Black "Cheparinov, Ivan"]
[Result "1-0"]
[WhiteElo "2876"]
[BlackElo "2670"]
[PlyCount "61"]
[EventDate "2019.09.25"]
[EventType "k.o. (blitz)"]
[EventRounds "7"]
[EventCountry "USA"]
[SourceTitle "CBM 195 Extra"]
[Source "ChessBase"]
[SourceDate "2020.05.31"]
[SourceVersion "1"]
[SourceVersionDate "2020.05.31"]
[SourceQuality "1"]

1. d4 Nf6 2. Bf4 c5 3. d5 b5 4. c4 b4 5. Nd2 g6 6. e4 Bg7 7. Ngf3 d6 8. Qc2 O-O
9. Bd3 e5 10. Bg5 h6 11. Bh4 a5 12. h3 a4 13. g4 b3 14. axb3 axb3 15. Qd1 Rxa1
16. Qxa1 Na6 17. Ke2 Nb4 18. Qa3 Qb6 19. Ra1 h5 20. Bxf6 Bxf6 21. gxh5 Bxh3 22.
Rg1 Kg7 23. Qxb3 Ra8 24. Bb1 Qc7 25. hxg6 fxg6 26. Nxe5 Bxe5 27. Qxh3 Rh8 28.
Qf5 Qf7 29. Nf3 Bxb2 30. e5 Qxf5 31. Bxf5 1-0

[Event "Chess24 Banter Blitz Cup"]
[Site "chess24.com INT"]
[Date "2020.03.11"]
[Round "4.3"]
[White "Cheparinov, Ivan"]
[Black "Carlsen, Magnus"]
[Result "0-1"]
[WhiteElo "2670"]
[BlackElo "2876"]
[PlyCount "88"]
[EventDate "2019.09.25"]
[EventType "k.o. (blitz)"]
[EventRounds "7"]
[EventCountry "USA"]
[SourceTitle "CBM 195 Extra"]
[Source "ChessBase"]
[SourceDate "2020.05.31"]
[SourceVersion "1"]
[SourceVersionDate "2020.05.31"]
[SourceQuality "1"]

1. d4 d5 2. c4 e6 3. Nf3 a6 4. cxd5 exd5 5. Nc3 h6 6. Qb3 Nf6 7. e4 Nxe4 8.
Qxd5 Nxc3 9. Qxd8+ Kxd8 10. bxc3 Be6 11. Bd3 Nd7 12. c4 Bb4+ 13. Bd2 Bxd2+ 14.
Kxd2 c6 15. a4 a5 16. Rab1 Kc7 17. h3 Rad8 18. Rhc1 Nb6 19. Ra1 Rhe8 20. Kc3 c5
21. dxc5 Nd7 22. Nd4 Nxc5 23. Nb5+ Kb8 24. Bc2 Bd7 25. Re1 Bc6 26. f3 Bxb5 27.
cxb5 Kc7 28. h4 Kb6 29. Rad1 Rxd1 30. Rxd1 Kc7 31. Rd2 b6 32. Kc4 Re1 33. Kc3
Ra1 34. Rd4 Rg1 35. Rg4 g6 36. h5 g5 37. f4 f6 38. fxg5 fxg5 39. Rg3 Rh1 40.
Rf3 Rxh5 41. Rf7+ Kd8 42. Rf8+ Ke7 43. Rb8 Nd7 44. Bf5 Nxb8 0-1

[Event "Chess24 Banter Blitz Cup"]
[Site "chess24.com INT"]
[Date "2020.03.11"]
[Round "4.4"]
[White "Carlsen, Magnus"]
[Black "Cheparinov, Ivan"]
[Result "1-0"]
[WhiteElo "2876"]
[BlackElo "2670"]
[PlyCount "117"]
[EventDate "2019.09.25"]
[EventType "k.o. (blitz)"]
[EventRounds "7"]
[EventCountry "USA"]
[SourceTitle "CBM 195 Extra"]
[Source "ChessBase"]
[SourceDate "2020.05.31"]
[SourceVersion "1"]
[SourceVersionDate "2020.05.31"]
[SourceQuality "1"]

1. e4 c5 2. Nf3 d6 3. d4 cxd4 4. Nxd4 Nf6 5. Nc3 a6 6. a3 e5 7. Nf5 d5 8. Bg5
d4 9. Bxf6 gxf6 10. Ne2 Qb6 11. Rb1 Nd7 12. Neg3 Nc5 13. Bc4 Be6 14. Bxe6 fxe6
15. Qh5+ Kd8 16. Nh6 Bxh6 17. Qxh6 Nd7 18. O-O Kc7 19. c3 Rag8 20. cxd4 exd4
21. Qf4+ e5 22. Qf5 Qd6 23. Qf3 Kb8 24. Nf5 Qe6 25. b4 Rc8 26. b5 a5 27. b6 Rc3
28. Qg4 Rhc8 29. Qg7 Nxb6 30. Qxh7 d3 31. h4 d2 32. Ne3 Rc1 33. Kh2 Rxf1 34.
Nxf1 Rd8 35. Rd1 Nc4 36. a4 Rd4 37. h5 Qg4 38. Rb1 Nd6 39. Ne3 Qxe4 40. Qxe4
Rxe4 41. g4 Nc4 42. Rd1 Nxe3 43. fxe3 Rxg4 44. Kh3 Rg5 45. Kh4 Rg2 46. Kh3 Rg5
47. Kh4 Rg2 48. Kh3 Re2 49. h6 Rxe3+ 50. Kg4 Rd3 51. h7 Rd8 52. Rxd2 Rh8 53.
Rh2 b5 54. Kf5 bxa4 55. Kxf6 a3 56. Kg7 a2 57. Rb2+ Ka7 58. Rxa2 Ka6 59. Rxa5+
1-0

[Event "Chess24 Banter Blitz Cup"]
[Site "chess24.com INT"]
[Date "2020.03.11"]
[Round "4.5"]
[White "Cheparinov, Ivan"]
[Black "Carlsen, Magnus"]
[Result "0-1"]
[WhiteElo "2670"]
[BlackElo "2876"]
[PlyCount "83"]
[EventDate "2019.09.25"]
[EventType "k.o. (blitz)"]
[EventRounds "7"]
[EventCountry "USA"]
[SourceTitle "CBM 195 Extra"]
[Source "ChessBase"]
[SourceDate "2020.05.31"]
[SourceVersion "1"]
[SourceVersionDate "2020.05.31"]
[SourceQuality "1"]

1. d4 Nf6 2. c4 c5 3. d5 b5 4. cxb5 a6 5. bxa6 g6 6. Nc3 Bxa6 7. Nf3 d6 8. e4
Bxf1 9. Kxf1 Qc8 10. g3 Qh3+ 11. Kg1 Bg7 12. Ng5 Qg4 13. Kg2 Qxd1 14. Rxd1 Na6
15. f4 Nd7 16. Nf3 O-O 17. Bd2 Rfb8 18. Rab1 Nb4 19. a4 f5 20. exf5 gxf5 21. b3
Nb6 22. Be1 Bxc3 23. Bxc3 N6xd5 24. Bd2 Nc6 25. Kf2 Rb7 26. Be1 Nf6 27. Nh4 e6
28. Kf1 Ne4 29. Nf3 Rab8 30. a5 Rxb3 31. Rxb3 Rxb3 32. Nd2 Nxd2+ 33. Rxd2 d5
34. Ra2 Rb7 35. a6 Ra7 36. Ke2 Kf7 37. Bf2 d4 38. Be1 Nb8 39. Rb2 Nxa6 40. Ra2
Ke7 41. h3 Kd6 42. g4 0-1

[Event "Chess24 Banter Blitz Cup"]
[Site "chess24.com INT"]
[Date "2020.03.11"]
[Round "4.6"]
[White "Carlsen, Magnus"]
[Black "Cheparinov, Ivan"]
[Result "1-0"]
[WhiteElo "2876"]
[BlackElo "2670"]
[PlyCount "71"]
[EventDate "2019.09.25"]
[EventType "k.o. (blitz)"]
[EventRounds "7"]
[EventCountry "USA"]
[SourceTitle "CBM 195 Extra"]
[Source "ChessBase"]
[SourceDate "2020.05.31"]
[SourceVersion "1"]
[SourceVersionDate "2020.05.31"]
[SourceQuality "1"]

1. d4 Nf6 2. Bf4 c5 3. d5 b5 4. c4 b4 5. a3 g6 6. axb4 cxb4 7. e4 Nxe4 8. Qd4
Nf6 9. Rxa7 Rxa7 10. Qxa7 Na6 11. Nf3 Bg7 12. Be2 O-O 13. O-O Nh5 14. Be5 Bxe5
15. Nxe5 Nf4 16. Bf3 f6 17. Ng4 d6 18. Re1 Re8 19. Qd4 Nh5 20. Nd2 Nc5 21. h3
Kf8 22. Ne3 Ng7 23. Ne4 Nxe4 24. Bxe4 Qc7 25. Ra1 Bb7 26. Qd2 Qc5 27. Ra4 e5
28. Rxb4 Qa5 29. Nc2 f5 30. Bd3 Bc8 31. Qg5 Qd8 32. Qxd8 Rxd8 33. Rb8 Ke7 34.
b4 Bd7 35. Rb7 Ra8 36. c5 1-0

[Event "Chess24 Banter Blitz Cup"]
[Site "chess24.com INT"]
[Date "2020.03.11"]
[Round "4.7"]
[White "Cheparinov, Ivan"]
[Black "Carlsen, Magnus"]
[Result "0-1"]
[WhiteElo "2670"]
[BlackElo "2876"]
[PlyCount "50"]
[EventDate "2019.09.25"]
[EventType "k.o. (blitz)"]
[EventRounds "7"]
[EventCountry "USA"]
[SourceTitle "CBM 195 Extra"]
[Source "ChessBase"]
[SourceDate "2020.05.31"]
[SourceVersion "1"]
[SourceVersionDate "2020.05.31"]
[SourceQuality "1"]

1. d4 Nf6 2. Nf3 b6 3. g3 Bb7 4. c4 g6 5. Bg2 Bg7 6. Nc3 Ne4 7. Qc2 Nxc3 8.
bxc3 Nc6 9. e4 Na5 10. Nd2 O-O 11. h4 c5 12. d5 Ba6 13. Qd3 e6 14. d6 Rc8 15.
f4 e5 16. h5 Rc6 17. hxg6 hxg6 18. f5 Qf6 19. g4 Re8 20. Qh3 gxf5 21. gxf5 Qxd6
22. Bf1 Kf8 23. Qh7 Qh6 24. Rxh6 Rxh6 25. Qxh6 Bxh6 0-1

[Event "Chess24 Banter Blitz Cup"]
[Site "chess24.com INT"]
[Date "2020.03.11"]
[Round "4.8"]
[White "Carlsen, Magnus"]
[Black "Cheparinov, Ivan"]
[Result "1-0"]
[WhiteElo "2876"]
[BlackElo "2670"]
[PlyCount "45"]
[EventDate "2019.09.25"]
[EventType "k.o. (blitz)"]
[EventRounds "7"]
[EventCountry "USA"]
[SourceTitle "CBM 195 Extra"]
[Source "ChessBase"]
[SourceDate "2020.05.31"]
[SourceVersion "1"]
[SourceVersionDate "2020.05.31"]
[SourceQuality "1"]

1. e4 e5 2. Nf3 Nc6 3. Bb5 a6 4. Ba4 g6 5. c3 Bg7 6. d4 exd4 7. cxd4 b5 8. Bc2
d5 9. exd5 Nce7 10. O-O Nf6 11. Re1 O-O 12. Bg5 Nexd5 13. Nc3 h6 14. Nxd5 hxg5
15. Ne7+ Kh8 16. Nxg5 Bg4 17. Qd3 Bh6 18. h4 Qd6 19. Nxg6+ fxg6 20. Qxg6 Bg7
21. Re5 Qxd4 22. Re7 Rg8 23. Nf7# 1-0

[Event "Chess24 Banter Blitz Cup"]
[Site "chess24.com INT"]
[Date "2020.03.11"]
[Round "4.9"]
[White "Cheparinov, Ivan"]
[Black "Carlsen, Magnus"]
[Result "1/2-1/2"]
[WhiteElo "2670"]
[BlackElo "2876"]
[PlyCount "127"]
[EventDate "2019.09.25"]
[EventType "k.o. (blitz)"]
[EventRounds "7"]
[EventCountry "USA"]
[SourceTitle "CBM 195 Extra"]
[Source "ChessBase"]
[SourceDate "2020.05.31"]
[SourceVersion "1"]
[SourceVersionDate "2020.05.31"]
[SourceQuality "1"]

1. d4 d5 2. Nf3 Nf6 3. c4 c6 4. Nc3 Qb6 5. Qb3 Bf5 6. c5 Qc7 7. g3 h6 8. Bf4
Qc8 9. Bg2 e6 10. O-O Be7 11. Nd2 Nbd7 12. e4 dxe4 13. Ndxe4 Nxe4 14. Nxe4 Bxe4
15. Bxe4 Nf6 16. Bf3 O-O 17. Rad1 Rd8 18. h4 Rd7 19. Kg2 Nd5 20. Bc1 Bf6 21.
Rd3 Qc7 22. Rfd1 Rad8 23. a3 Ne7 24. Bf4 Qc8 25. Qc4 Nf5 26. Be5 Bxe5 27. dxe5
Rxd3 28. Rxd3 Qc7 29. Rd6 Nxd6 30. exd6 Qa5 31. Qd4 a6 32. Qe3 Qb5 33. b4 Qc4
34. Be4 Kf8 35. Bf3 Ra8 36. Be2 Qd5+ 37. Bf3 Qf5 38. Be2 a5 39. b5 cxb5 40.
Bxb5 Rc8 41. d7 Qd5+ 42. Kh2 Rd8 43. Qc3 b6 44. c6 Qxb5 45. c7 Qxd7 46. cxd8=Q+
Qxd8 47. Qc6 h5 48. a4 g5 49. hxg5 Qxg5 50. Qxb6 h4 51. Qb8+ Kg7 52. Qb2+ Kg6
53. Qc2+ f5 54. Qc6 hxg3+ 55. fxg3 Qd2+ 56. Kh3 Qe1 57. Qe8+ Kf6 58. Qh8+ Ke7
59. Qg7+ Kd6 60. Qd4+ Kc6 61. Qc4+ Kd6 62. Qd4+ Ke7 63. Qg7+ Kd6 64. Qd4+
1/2-1/2

[Event "Chess24 Banter Blitz Cup"]
[Site "chess24.com INT"]
[Date "2020.03.11"]
[Round "4.10"]
[White "Carlsen, Magnus"]
[Black "Cheparinov, Ivan"]
[Result "1-0"]
[WhiteElo "2876"]
[BlackElo "2670"]
[PlyCount "69"]
[EventDate "2019.09.25"]
[EventType "k.o. (blitz)"]
[EventRounds "7"]
[EventCountry "USA"]
[SourceTitle "CBM 195 Extra"]
[Source "ChessBase"]
[SourceDate "2020.05.31"]
[SourceVersion "1"]
[SourceVersionDate "2020.05.31"]
[SourceQuality "1"]

1. c4 c5 2. Nf3 Nc6 3. d4 cxd4 4. Nxd4 Nf6 5. Nc3 e6 6. Bg5 Be7 7. e3 O-O 8.
Be2 Qb6 9. Rb1 h6 10. Bh4 d5 11. cxd5 Nxd4 12. exd4 g5 13. Bg3 Nxd5 14. O-O Bf6
15. Bf3 Qxd4 16. Bxd5 exd5 17. Nxd5 Be6 18. Nxf6+ Qxf6 19. Qa4 Rfd8 20. Rfe1
Qd4 21. Qa3 Rd7 22. Be5 Qg4 23. h3 Qf5 24. Rbc1 Bd5 25. Bc3 Bc6 26. Re5 Qg6 27.
Rce1 Kh7 28. Qb3 Rad8 29. f3 Qd6 30. Qc2+ Qg6 31. Qf2 Rd5 32. Qxa7 Rxe5 33.
Bxe5 Re8 34. Qf2 Qf5 35. Bc3 1-0

[Event "Chess24 Banter Blitz Cup"]
[Site "chess24.com INT"]
[Date "2020.04.02"]
[Round "5.1"]
[White "Grandelius, Nils"]
[Black "Carlsen, Magnus"]
[Result "0-1"]
[WhiteElo "2691"]
[BlackElo "2876"]
[PlyCount "88"]
[EventDate "2019.09.25"]
[EventType "k.o. (blitz)"]
[EventRounds "7"]
[EventCountry "USA"]
[SourceTitle "CBM 195 Extra"]
[Source "ChessBase"]
[SourceDate "2020.05.31"]
[SourceVersion "1"]
[SourceVersionDate "2020.05.31"]
[SourceQuality "1"]

1. Nf3 d5 2. d4 Nf6 3. c4 c6 4. Nbd2 Bf5 5. Nh4 Be4 6. Qb3 Qb6 7. f3 Bg6 8.
Nxg6 hxg6 9. e3 e6 10. Bd3 Nbd7 11. Qxb6 axb6 12. f4 dxc4 13. Nxc4 b5 14. Ne5
Nd5 15. Ke2 Bd6 16. Bd2 Bb4 17. h3 Ke7 18. a3 Bxd2 19. Kxd2 Nxe5 20. fxe5 g5
21. Rhf1 f6 22. exf6+ gxf6 23. Be2 Rad8 24. Bf3 Nb6 25. Ke2 Nc4 26. b3 Nd6 27.
a4 Ra8 28. Rfb1 bxa4 29. bxa4 Ra5 30. e4 Rha8 31. Kf2 e5 32. dxe5 fxe5 33. Kg3
Rxa4 34. Rxa4 Rxa4 35. Kg4 Kf6 36. g3 b5 37. Rc1 Rc4 38. Rd1 Nxe4 39. Bxe4
Rxe4+ 40. Kh5 Re3 41. Rf1+ Ke6 42. Kg4 b4 43. h4 gxh4 44. gxh4 Re4+ 0-1

[Event "Chess24 Banter Blitz Cup"]
[Site "chess24.com INT"]
[Date "2020.04.02"]
[Round "5.2"]
[White "Carlsen, Magnus"]
[Black "Grandelius, Nils"]
[Result "1/2-1/2"]
[WhiteElo "2876"]
[BlackElo "2691"]
[PlyCount "163"]
[EventDate "2019.09.25"]
[EventType "k.o. (blitz)"]
[EventRounds "7"]
[EventCountry "USA"]
[SourceTitle "CBM 195 Extra"]
[Source "ChessBase"]
[SourceDate "2020.05.31"]
[SourceVersion "1"]
[SourceVersionDate "2020.05.31"]
[SourceQuality "1"]

1. e4 c5 2. Nf3 d6 3. d4 cxd4 4. Nxd4 Nf6 5. Nc3 a6 6. a3 e6 7. g4 b5 8. g5
Nfd7 9. h4 Bb7 10. Be3 Nc6 11. Nxc6 Bxc6 12. Qd4 Rb8 13. O-O-O a5 14. b4 axb4
15. axb4 Qc7 16. f4 e5 17. Nd5 exd4 18. Nxc7+ Kd8 19. Na6 dxe3 20. Nxb8 Nxb8
21. Rh3 Bxe4 22. Bxb5 d5 23. Rxe3 Kc7 24. Bd3 Bd6 25. Rf1 Re8 26. c3 Nd7 27.
Kc2 f5 28. gxf6 Nxf6 29. Kb3 Bxd3 30. Rxd3 Re4 31. Rdf3 d4 32. c4 Re3+ 33. Rxe3
dxe3 34. c5 Be7 35. Kc4 Ng4 36. h5 Bh4 37. Kd3 Kc6 38. Rg1 Nf6 39. Rxg7 Bf2 40.
h6 Nd5 41. Kc4 Nxb4 42. Rxh7 Nd5 43. Kd3 Nxf4+ 44. Kc2 e2 45. Re7 e1=Q 46. Rxe1
Bxe1 47. h7 Ng6 48. Kd3 Kxc5 49. Ke4 Bc3 50. Kf5 Nh8 51. Ke6 Kc6 52. Kf5 Kd7
53. Ke4 Ke8 54. Kd5 Bg7 55. Ke4 Kf8 56. Kd3 Kf7 57. Ke4 Kg6 58. Kd5 Kxh7 59.
Ke6 Kg6 60. Kd5 Nf7 61. Ke4 Be5 62. Kd3 Kf6 63. Ke2 Ke6 64. Kd3 Kd5 65. Ke3 Nd6
66. Kd3 Bd4 67. Ke2 Ke4 68. Kf1 Nf5 69. Kg2 Be3 70. Kh1 Kf4 71. Kg2 Ng3 72. Kh3
Bd4 73. Kh2 Be5 74. Kg2 Kg4 75. Kf2 Bd4+ 76. Kg2 Kf4 77. Kh2 Kf3 78. Kh3 Bg1
79. Kh4 Ne4 80. Kh3 Kf4 81. Kg2 Bd4 82. Kf1 1/2-1/2

[Event "Chess24 Banter Blitz Cup"]
[Site "chess24.com INT"]
[Date "2020.04.02"]
[Round "5.3"]
[White "Grandelius, Nils"]
[Black "Carlsen, Magnus"]
[Result "0-1"]
[WhiteElo "2691"]
[BlackElo "2876"]
[PlyCount "66"]
[EventDate "2019.09.25"]
[EventType "k.o. (blitz)"]
[EventRounds "7"]
[EventCountry "USA"]
[SourceTitle "CBM 195 Extra"]
[Source "ChessBase"]
[SourceDate "2020.05.31"]
[SourceVersion "1"]
[SourceVersionDate "2020.05.31"]
[SourceQuality "1"]

1. Nf3 Nf6 2. g3 g6 3. Bg2 Bg7 4. c4 O-O 5. Nc3 Nc6 6. O-O e5 7. d4 d6 8. dxe5
dxe5 9. Qxd8 Rxd8 10. Bg5 Be6 11. Nd2 h6 12. Bxf6 Rxd2 13. Bxg7 Kxg7 14. Bxc6
bxc6 15. b3 f5 16. Rfd1 Rd6 17. f3 Rad8 18. Kf2 Kf6 19. Ke1 g5 20. Na4 h5 21.
Nc5 Bc8 22. Nd3 f4 23. Nc5 Bf5 24. gxf4 exf4 25. Nb7 Rxd1+ 26. Rxd1 Rxd1+ 27.
Kxd1 g4 28. fxg4 hxg4 29. Ke1 Ke5 30. Nc5 Kd4 31. Na6 Ke3 32. Nb4 f3 33. exf3
gxf3 0-1

[Event "Chess24 Banter Blitz Cup"]
[Site "chess24.com INT"]
[Date "2020.04.02"]
[Round "5.5"]
[White "Grandelius, Nils"]
[Black "Carlsen, Magnus"]
[Result "1/2-1/2"]
[WhiteElo "2691"]
[BlackElo "2876"]
[PlyCount "126"]
[EventDate "2019.09.25"]
[EventType "k.o. (blitz)"]
[EventRounds "7"]
[EventCountry "USA"]
[SourceTitle "CBM 195 Extra"]
[Source "ChessBase"]
[SourceDate "2020.05.31"]
[SourceVersion "1"]
[SourceVersionDate "2020.05.31"]
[SourceQuality "1"]

1. Nf3 g6 2. g3 Bg7 3. c4 c5 4. Nc3 Nc6 5. Bg2 d6 6. O-O e6 7. e3 Nge7 8. d4
O-O 9. Re1 Rb8 10. b3 cxd4 11. exd4 Nf5 12. Bg5 Qa5 13. Ne4 Nfxd4 14. Nxd4 Bxd4
15. Nf6+ Kg7 16. Bxc6 Bxf2+ 17. Kxf2 Qxg5 18. Ne8+ Kg8 19. Qd4 e5 20. Qxd6 bxc6
21. Rxe5 Bf5 22. Nf6+ Kh8 23. h4 Qh6 24. Rae1 Rbd8 25. Qc5 Qd2+ 26. R1e2 Qd6
27. Qxd6 Rxd6 28. Ne8 Rd8 29. Nf6 Kg7 30. Ne4 Bxe4 31. R5xe4 Rd7 32. Re5 Rfd8
33. Rc5 Rd6 34. Ra5 R8d7 35. Rae5 f5 36. Re7+ Kh6 37. Rxd7 Rxd7 38. Kf3 Kh5 39.
Re6 Rd3+ 40. Kf2 c5 41. Re7 h6 42. Rxa7 Kg4 43. Ra6 g5 44. Rxh6 Rf3+ 45. Ke2
Rxg3 46. hxg5 Kxg5 47. Rc6 Rg2+ 48. Kf3 Rxa2 49. Rxc5 Rb2 50. Rb5 Rc2 51. c5
Rc3+ 52. Ke2 Kf4 53. Kd2 Rh3 54. Rb4+ Ke5 55. Rc4 Kd5 56. c6 Rh8 57. c7 Rc8 58.
Rc3 Kd6 59. b4 Rxc7 60. Rxc7 Kxc7 61. Ke3 Kb6 62. Kf4 Kb5 63. Kxf5 Kxb4 1/2-1/2

[Event "Chess24 Banter Blitz Cup"]
[Site "chess24.com INT"]
[Date "2020.04.02"]
[Round "5.6"]
[White "Carlsen, Magnus"]
[Black "Grandelius, Nils"]
[Result "1-0"]
[WhiteElo "2876"]
[BlackElo "2691"]
[PlyCount "67"]
[EventDate "2019.09.25"]
[EventType "k.o. (blitz)"]
[EventRounds "7"]
[EventCountry "USA"]
[SourceTitle "CBM 195 Extra"]
[Source "ChessBase"]
[SourceDate "2020.05.31"]
[SourceVersion "1"]
[SourceVersionDate "2020.05.31"]
[SourceQuality "1"]

1. Nf3 c5 2. g3 g6 3. c3 Bg7 4. d4 Nf6 5. Bg2 O-O 6. dxc5 a5 7. O-O Na6 8. Be3
Ng4 9. Bd4 e5 10. h3 exd4 11. hxg4 dxc3 12. Nxc3 Nxc5 13. g5 d6 14. Qd2 Rb8 15.
Rfd1 b5 16. Nd4 Bd7 17. Nd5 Re8 18. Qf4 Re5 19. Nf6+ Bxf6 20. gxf6 g5 21. Qxe5
dxe5 22. Nc6 Qxf6 23. Nxb8 Be6 24. Rac1 Na4 25. Nd7 Qe7 26. b3 Nb2 27. Rd2 Qa3
28. Nc5 Nc4 29. Rd8+ Kg7 30. Nxe6+ fxe6 31. Rc2 Nb6 32. Rc7+ Kh6 33. Be4 g4 34.
Rg8 1-0